000 00295nam a22001337a 4500
008 181102b xxu||||| |||| 00| 0 eng d
020 _a0471587419
041 _aeng
080 _27th
_a510
100 _a37
101 _aMAT
245 _aElementary Linear Algebra
_cAnton, H
942 _2udc
_cBK
999 _c51674
_d51674